Statistics for NBA 2015-16 Most Improved Player

Click here to take the quiz!

General Stats

  • This quiz has been taken 16 times
  • The average score is 14 of 20

Answer Stats

Rank Player Team % Correct
1C.J. McCollumPOR
100%
7Draymond GreenGSW
100%
2Kemba WalkerCHA
100%
8Isaiah ThomasBOS
100%
11Andre DrummondDET
100%
4Stephen CurryGSW
100%
3Giannis AntetokounmpoMIL
93%
9Hassan WhitesideMIA
86%
10Kawhi LeonardSAS
86%
6Jae CrowderBOS
71%
15TRussell WestbrookOKC
71%
19TKyle LowryTOR
71%
15TReggie JacksonDET
57%
13TEvan FournierORL
50%
15TRodney HoodUTA
50%
12Gary HarrisDEN
43%
13TKent BazemoreATL
43%
19TZach LaVineMIN
43%
5Will BartonDEN
36%
15TIan MahinmiIND
7%

Score Distribution

Percentile by Number Answered

Percent of People with Each Score

Your Score History

You have not taken this quiz